[Event "3rd GRENKE Chess Classic"]
[Site "Baden Baden GER"]
[Date "2015.02.02"]
[Round "1"]
[White "Caruana, F."]
[Black "Anand, V."]
[Result "1/2-1/2"]
[WhiteElo "2811"]
[BlackElo "2797"]
[PlyCount "76"]
[EventDate "2015.02.02"]

1. e4 e5 2. Nf3 Nc6 3. Bc4 Bc5 4. c3 Nf6 5. d3 d6 6. b4 Bb6 7. a4 a5 8. b5 Ne7
9. O-O O-O 10. h3 c6 11. Bb3 Ng6 12. Re1 Re8 13. Nbd2 d5 14. Nf1 dxe4 15. Ng5
$1 {Forced.} (15. dxe4 Qxd1 16. Bxd1 cxb5 17. axb5 Be6 {leaves Black in a
superior position with his passed pawn on the a-file and better coordination.})
15... Re7 16. Nxe4 Nxe4 17. dxe4 Be6 18. Rb1 Rd7 19. Qc2 Nf8 20. Ne3 Bxe3 $6 {
This move simply looks dubious. There is no need to get rid of this bishop so
quickly.} (20... Bc5 21. Bxe6 Nxe6 22. bxc6 bxc6 23. Nc4 {Anand was probably
scared of some position like this, in which the knight on c4 can attack a5 and
e5 at the same time, but he should be fine after for example} Qc7 $11 {
Eventually White will have to trade that c5 bishop off, allowing Black to
install his own knight on c5.}) 21. Bxe3 h6 22. Red1 Rc8 23. Rxd7 Qxd7 24. Rd1
Qe8 25. bxc6 Qxc6 26. Bd5 {An attempt to bring live in to the position. Since
the bishop cannot be taken there are some real problems that Anand has to
solve.} Qxc3 (26... Bxd5 27. Rxd5 Qxc3 (27... Nd7 28. Rxa5 Qxc3 29. Qxc3 Rxc3
30. Rb5 $14) 28. Qxc3 Rxc3 29. Rxe5 $18) 27. Qxc3 Rxc3 28. Bxb7 Nd7 $1 {It's
important to bring the knight back into the game as swiftly as possible.
Caruana spent some time here trying to break Black's defenses, but it might
not be possible to do so.} 29. Ba6 (29. Bd5 Nc5 30. Bxc5 Rxc5 31. Bxe6 fxe6 32.
Rd8+ Kf7 33. Ra8 {is slightly better for White but should be holdable.} Rc4 34.
Rxa5 Rxe4 {must be a draw.}) 29... Nc5 $1 30. Bxc5 Rxc5 31. Bb5 Kh7 $1 32. Rd6
Bc4 {With the trade of these bishops the draw is obvious.} 33. Rb6 Bxb5 34.
Rxb5 Rxb5 35. axb5 a4 36. b6 a3 37. b7 a2 38. b8=Q a1=Q+ 1/2-1/2

[Event "3rd GRENKE Chess Classic"]
[Site "Baden Baden GER"]
[Date "2015.02.02"]
[Round "1"]
[White "Bacrot, E."]
[Black "Baramidze, D."]
[Result "1/2-1/2"]
[WhiteElo "2711"]
[BlackElo "2594"]
[PlyCount "61"]
[EventDate "2015.02.02"]

1. d4 Nf6 2. c4 g6 3. f3 d5 4. cxd5 Nxd5 5. e4 Nb6 6. Nc3 Bg7 7. Be3 O-O 8. Qd2
Nc6 9. O-O-O Qd6 10. Nb5 Qd7 11. Kb1 Rd8 12. d5 a6 13. Nc3 Na5 14. Qc1 Qe8 15.
h4 e6 16. Bf4 Rd7 17. Bh6 Bxh6 18. Qxh6 Qf8 19. Qxf8+ Kxf8 20. h5 exd5 21. exd5
Nac4 22. hxg6 fxg6 $6 (22... hxg6 {seemed far more logical, not putting the
h-pawn in danger, and not weakening the e6 square.}) 23. Bxc4 Nxc4 24. Nh3 Re7
25. Ng5 h5 26. g4 $1 {Suddenly Bacrot has a real intiative.} hxg4 $6 (26... Re5
27. Nce4 Ne3 $1 $13 {White seems to have good resources, but Black has threats
of his own with Bf5 in some variations.}) 27. Nce4 $2 {Simply gifting away
half a point.} (27. fxg4 $1 {The attack will slowly mount:} Nd6 (27... Bxg4 28.
Rh8+ Kg7 29. Rxa8 Bxd1 30. Nxd1 $18) (27... Kg8 28. Nce4 $1 $18 {The knights
inclusion disallows Bxg4 because of the fork on f6. Black is helpless.}) 28.
Rh8+ Kg7 29. Rh7+ Kf6 30. Rf1+ Kxg5 31. Rxe7 Bxg4 32. Rxc7 $18) 27... gxf3 $1
28. Rh8+ Kg7 {Bacrot must have forgotten he does not have Rdh1 here:} 29. Rh7+
(29. Rdh1 Nd2+ $1 30. Kc1 (30. Nxd2 Bf5+ $19 {with the h8 rook hanging.}) 30...
Nxe4 {is not mate as f6 is no longer covered.}) 29... Kf8 30. Rh8+ Kg7 31. Rh7+
1/2-1/2